000 01246 a2200337 4500
999 _c200130910
_d25283
001 200130910
003 TR-AnTOB
005 20210407150504.0
008 131203s1993 nju 001 0
020 _a0691069859 (CL : acid-free paper)
020 _a0691015449 (PB : acid-free paper)
040 _aDLC
_cDLC
_dDLC
_dTR-AnTOB
041 _aeng
050 0 0 _aPR478.M6
_b.M38 1993
090 _aPR478.M6 .M38 1993
100 1 _aMcGann, Jerome J.
_994287
245 1 0 _aBlack riders :
_bthe visible language of modernism /
_cJerome McGann.
264 1 _aPrinceton, N.J. :
_bPrinceton University Press,
_c[1993]
264 4 _c©1993
300 _axvi, 196 pages :
_billustration ;
_c25 cm.
336 _2rdacontent
_atext
_btxt
337 _2rdamedia
_aunmediated
_bn
338 _2rdacarrier
_avolume
_bnc
504 _aIncludes bibliographical references and index.
650 7 _aAmerikan şiiri
_y20. yüzyıl
_xTarih ve eleştiri
_2etuturkob
_994291
650 0 _aEnglish poetry
_y20th century
_xHistory and criticism
_988377
650 0 _aAmerican poetry
_y20th century
_xHistory and criticism
_935102
650 7 _aİngiliz şiiri
_y20. yüzyıl
_xTarih ve eleştiri
_2etuturkob
_988376
942 _cBK
_2lcc